000 00262nam a2200097Ia 4500
001 1228860
005 20250827093050.0
008 250824s9999 xx 000 0 und d
245 0 _aMOZART
_cMERITXELL MARTI
260 _bALTIN KİTAPLAR YAYINLARI
999 _c1228860
_d1228860